| 000 | 00637nam a2200229 i 4500 | ||
|---|---|---|---|
| 001 | 81956 | ||
| 003 | ES-MaACL | ||
| 005 | 20250507063020.0 | ||
| 007 | t| | ||
| 008 | 041117s1973 sp ||||1| spa d | ||
| 020 | _a84-206-9008-2 | ||
| 080 | _a323.174 | ||
| 080 | _a327.39(4) | ||
| 100 | 1 |
_aFraga Iribarne, Manuel, _d1922-2012 _9193721 |
|
| 245 | 1 | 0 |
_aSociedad : _bregión, Europa / _cManuel Fraga Iribarne. |
| 260 |
_aMadrid : _bAlianza Editorial, _c1973. |
||
| 300 |
_a246 p. ; _c19 cm. |
||
| 650 | 4 |
_aRegionalismo. _916746 |
|
| 650 | 4 |
_aEuropeísmo. _912612 |
|
| 852 |
_aES-MaACL _jE-10428 |
||
| 999 |
_c81956 _d81956 |
||